| 000 | 00379nam a2200145Ia 4500 | ||
|---|---|---|---|
| 008 | 200103s9999||||xx |||||||||||||| ||und|| | ||
| 040 | _aIMU-MPC | ||
| 082 | _aColumn-26 | ||
| 100 | _aShortley, George and Williams, Dusley | ||
| 245 | 0 | _aElements of Physics, Vol. 2 | |
| 250 | _a3rd Ed. | ||
| 260 |
_bPrentice-Hall of India, New Delhi _c1961 |
||
| 300 | _axiii, 917 | ||
| 942 | _cBK | ||
| 999 |
_c7005 _d7005 |
||